| 000 | 00480nam a2200169Ia 4500 | ||
|---|---|---|---|
| 999 |
_c29470 _d29470 |
||
| 003 | OSt | ||
| 005 | 20201229125815.0 | ||
| 008 | 190216s9999||||xx |||||||||||||| ||und|| | ||
| 040 | _coclc | ||
| 082 |
_a894.812301 _bMAN/M |
||
| 100 |
_aManoharan, V P _97944 |
||
| 245 | 0 |
_aMachile Baghavathi / _cV P Manoharan |
|
| 260 |
_bCurrent Books, _aThrissur: _c2000. |
||
| 300 | _a80p | ||
| 650 | _aKathakal | ||
| 942 |
_cBK _2ddc _h894.812301 _iMAN/M _k894.812301 _mMAN/M |
||